| 000 | 00755nam a22002172 4500 | ||
|---|---|---|---|
| 001 | 0000013188 | ||
| 005 | 20151217155855.0 | ||
| 008 | 090618s xx 000 0 eng d | ||
| 020 | _a9974796997 : | ||
| 040 |
_aKABU _cKABU |
||
| 100 | 1 |
_aLang, Chris. _@0000170334 |
|
| 245 | 1 | 4 |
_a" A Funny place to store carbon" : _bUWA-FACE Foundation's tree planting project in Mount Elgon National Park, Uganda / _cChris Lang and Timothy Byakola. |
| 250 | _a1st ed. | ||
| 260 |
_aMontevideo, Uruguay : _bWorld Rain Movement, _c2006. |
||
| 300 | _a103 p. | ||
| 650 | 0 |
_aTree planting _zUganda. _@0000170335 |
|
| 700 | 1 |
_aByakola, Timothy. _@0000170336 |
|
| 852 | 1 | _9p200 KES | |
| 908 | _a090618 | ||
| 950 | _@1 | ||
| 999 |
_c13582 _d13582 |
||